000 00895nam a2200229Ii 4500
003 JO-AjNU
008 230605s9999||||xx |||||||||||||| ||und||
017 _a2008/7/2562
020 _a978-9957-16-360-7
040 _aJO-AjNU
_bara
_erda
_cJO-AjNU
041 _aara
050 1 4 _aKMM51.2.T3564.2015
100 3 _a التكروري، عثمان ,
_eauthor
_950821
245 0 0 _aشرح قانون الأحوال الشخصية وفقا لأحداث التعديلات
250 _aط6
264 3 1 _aعمان : دار الثقافة ، 2015
300 _a335ص
_bيشتمل على ملاحق ص (291 - 332 ) ويشتمل على مراجع ببلوغرافية ص ( 333 - 335 )
336 _atext
_btxt
_2rdacontent
337 _aunmediated
_bn
_2rdamedia
338 _avolume
_bnc
_2rdacarrier
650 4 _aقانون الأحوال الشخصية -- الأحوال الشخصية
_950822
999 _aA22410
_c25978
_d25978